guess the laufey song by the last line - Statistics

General Stats
  • This quiz has been taken 12 times
  • The average score is 10 of 15
Answer Stats
Hint Answer % Correct
Oh, what a curse it is to be a [title] Lover Girl
100%
You think you're so interesting Mr. Eclectic
100%
I'm no [title] when I'm alone Goddess
91%
This will end 'til he [similar to title] me again Haunted
91%
His voice just became too sickening James
91%
For cold-bloody, bitter [title] Sabotage
91%
I'm taking back my city Street by Street
82%
Snow falling outside, keeping on the [title] Night Light
73%
This time, I swear I won't find [title], [title] Someone New
73%
[Title] I tend to fall in love too easily Just Like Chet
64%
These are my [title] Questions For The Universe
55%
Hoping that you'll say "[similar to title]" to me Hi
45%
But who knows [title]? Where or When
45%
[title], I fell in love While You Were Sleeping
36%
I'll take [title] The Risk
9%
No matching quizzes found
Score Distribution
Percent of People with Each Score
Percentile by Number Answered
Your Score History
You have not taken this quiz